000
00297nam a2200121Ia 4500
008
241014s9999||||xx |||||||||||||| ||und||
020
_a
0-19-551330-4
100
_a
Wilkinson,David
245
4
_a
The New Rural Health
260
_b
Oxford University Press
_c
2002
300
_a
337
942
_b
ION
_c
BK
999
_c
18169
_d
18169